000 00284nam a22001337a 4500
008 180920b xxu||||| |||| 00| 0 eng d
020 _a9780801472831
041 _aeng
080 _a574
100 _a9
101 _aMJE
245 _aGrauns From Grass
_cLisa.C
942 _2udc
_cBK
999 _c48144
_d48144